00727nam a2200253 a 4500001001300000003000900013005001700022008004100039020000800080082002100088100002100109245004200130260003700172300000900209500003500218505001700253650003200270650002100302700002100323902000800344942000700352952009900359999001500458nice12345678IN_TiNIC20260116011440.0050524s1903 lona grp 000 0 eng  ac000a909.0491411bDAV aDavids, T W Rhys aStory of the Nationsb Buddhist India aLondonbT.Fisher Unwin Ltdc1903 a332p aincludes index and biblioraphy2 aIndex, Illus aCivilization-India-Buddhist aCulture-Buddhist1 aDavids, T W Rhys bSRS cBK 00104070aHMIbHMId2005-05-24g0.00l0o909.0491411 DAVp00492r2005-05-24w2026-01-16yEB c1630d1630